000 01288nam a22002177a 4500
003 BJBSDDR
005 20250820101956.0
007 ta
008 250820s2005 sp ||||| |||| 00| 0 spa d
020 _a9788433962287
020 _a8433962280
040 _bspa
_cBJBSDDR
041 _aspa
050 _bM225t 2005
100 _aMainer, José-Carlos,
_d1944-
_934155
245 1 0 _aTramas, libros, nombres :
_bpara entender la literatura española, 1944-2000/
_cJosé Carlos Mainer
260 _aBarcelona :
_bAnagrama,
_c2005
300 _a356 pages ;
_b22 cm.
520 _aCONTENIDO: Por ejemplo, 1944. Un año de literatura - 1952: en el cincuentenario de una quinta - El otoño del miedo: la imagen fílmica y literaria de la decadencia de Franco - El peso de la memoria o la imposibilidad del heroísmo en el fin de siglo - Síntomas de solidaridad: una lectura conjunta de los bravos y el jarama - Identidad y desencanto en tres novelas - La razón desesperada - Ensayos, dietarios, relatos en el telar: la novela a noticia - Algunos poetas en el campus - Introducción al realismo de Álvaro Pombo - El orden patriarcal, el orden del mundo: motivos en la obra de Juan José Millás - Ignacio Martínez de Pisón: contando el fin de los buenos tiempos
942 _2lcc
_n0
_cBK
999 _c124848
_d124848